000 00294nam a22001337a 4500
020 _a9789383028092
082 _a664.07
_bVER/FO
100 _aVerma R.K.
_91216
245 _a'Food Management
250 _a1
260 _aNew Delhi
_bAdvance Learner Press
_c2013
300 _a231
942 _cBK
999 _c14692
_d14692